[Event "Astana Satty Zhuldyz Blitz"]
[Site "Astana"]
[Date "2023.04.24"]
[Round "1"]
[White "Gelfand, Boris"]
[Black "Vakhidov, Jahongir"]
[Result "1/2-1/2"]
[WhiteElo "2678"]
[BlackElo "2607"]
[PlyCount "101"]
[EventDate "2023.04.24"]
[EventType "tourn (blitz)"]
[EventRounds "22"]
[EventCountry "KAZ"]
[EventCategory "17"]
[SourceTitle "CBM 213 Extra"]
[Source "ChessBase"]
[SourceDate "2023.05.31"]
[SourceVersion "1"]
[SourceVersionDate "2023.05.31"]
[SourceQuality "1"]

1. Nf3 g6 2. e4 c5 3. c4 Bg7 4. d4 cxd4 5. Nxd4 Nc6 6. Be3 Qb6 7. Nb5 Qa5+ 8. N1c3 Nf6 9. Bd2 Qd8 10. Nd5 0-0 11. Nbc3 d6 12. Be2 Nd4 13. 0-0 Nxe2+ 14. Qxe2 Be6 15. Rac1 Rc8 16. b3 Re8 17. Rfd1 a6 18. Be3 Nd7 19. Bd4 Bxd4 20. Rxd4 f6 21. Qe3 Bf7 22. Rdd1 Kg7 23. h4 Qa5 24. h5 gxh5 25. Qh3 e6 26. Qg3+ Bg6 27. Qxd6 Ne5 28. Qb6 Qxb6 29. Nxb6 Rcd8 30. f3 f5 31. Nba4 fxe4 32. Nxe4 Bxe4 33. fxe4 Nd3 34. Rc2 b5 35. Rcd2 bxa4 36. Rxd3 Rxd3 37. Rxd3 axb3 38. axb3 Rb8 39. c5 Kf6 40. Kf2 Ke5 41. Ke3 a5 42. Rc3 Rc8 43. Rc4 Rc6 44. Rc1 h4 45. Rc2 h5 46. Rc1 Rc8 47. Rc2 Rc6 48. Rc4 Rc8 49. Rc1 Rc6 50. Rc3 Rc8 51. Rc4 1/2-1/2